Teoría y arte de la educación : (Record no. 56309)
[ view plain ]
| 000 -CABECERA | |
|---|---|
| campo de control de longitud fija | 00831nam a2200229 a 4500 |
| 003 - IDENTIFICADOR DEL NÚMERO DE CONTROL | |
| campo de control | MX-MxUPN |
| 005 - FECHA Y HORA DE LA ÚLTIMA TRANSACCIÓN | |
| campo de control | 20240920064416.0 |
| 008 - ELEMENTOS DE LONGITUD FIJA--INFORMACIÓN GENERAL | |
| campo de control de longitud fija | 991125s1922 sp a r 000 0 spa d |
| 035 ## - NÚMERO DE CONTROL DEL SISTEMA | |
| Número de control de sistema | UPN01000056309 |
| 040 ## - FUENTE DE LA CATALOGACIÓN | |
| Centro catalogador/agencia de origen | MX-MxUPN |
| Lengua de catalogación | spa |
| Centro/agencia transcriptor | MX-MxUPN |
| 041 0# - CÓDIGO DE IDIOMA | |
| Código de lengua del texto/banda sonora o título independiente | spa |
| 050 14 - SIGNATURA TOPOGRÁFICA DE LA BIBLIOTECA DEL CONGRESO | |
| Número de clasificación | LB1025 |
| Número de documento/Ítem | V5.7 1922 |
| 100 1# - ASIENTO PRINCIPAL--NOMBRE PERSONAL | |
| Nombre de persona | Vidal Perera, A. Augusto |
| 9 (RLIN) | 52504 |
| 245 10 - MENCIÓN DE TÍTULO | |
| Título | Teoría y arte de la educación : |
| Resto del título | tratado de pedagogía |
| 260 ## - PUBLICACIÓN, DISTRIBUCIÓN, ETC. | |
| Lugar de publicación, distribución, etc. | Madrid : |
| Nombre del editor, distribuidor, etc. | Sucesores de Hernando, |
| Fecha de publicación, distribución, etc. | 1922. |
| 300 ## - DESCRIPCIÓN FÍSICA | |
| Extensión | 461 páginas : |
| Otras características físicas | ilustraciones |
| 650 #4 - ASIENTO SECUNDARIO DE MATERIA - TERMINO TEMATICO | |
| Término de materia o nombre geográfico como elemento de entrada | Educación |
| Subdivisión geográfica | España |
| Subdivisión general | Historia |
| 9 (RLIN) | 7391 |
| 650 #4 - ASIENTO SECUNDARIO DE MATERIA - TERMINO TEMATICO | |
| Término de materia o nombre geográfico como elemento de entrada | Educación |
| Subdivisión general | Fines y objetivos |
| 9 (RLIN) | 4837 |
| 710 1# - ASIENTO SECUNDARIO - NOMBRE CORPORATIVO | |
| Nombre de entidad corporativa o nombre de jurisdicción como elemento de entrada | México. |
| Unidad subordinada | Secretaría de Educación Pública. |
| -- | Biblioteca Pública |
| 9 (RLIN) | 51349 |
| Término indicativo de función/relación | propietario anterior |
| 710 2# - ASIENTO SECUNDARIO - NOMBRE CORPORATIVO | |
| Nombre de entidad corporativa o nombre de jurisdicción como elemento de entrada | Museo Pedagógico Nacional (México) |
| 9 (RLIN) | 51335 |
| Término indicativo de función/relación | propietario anterior |
| 942 ## - ELEMENTOS DE PUNTO DE ACCESO ADICIONAL (KOHA) | |
| Fuente del sistema de clasificación o colocación | Library of Congress Classification |
| Tipo de ítem Koha | Libro |
| Estado de retiro | Estado de pérdida | Fuente del sistema de clasificación o colocación | Estado dañado | No para préstamo | Código de colección | Localización permanente | Ubicación/localización actual | Ubicación en estantería | Fecha de adquisición | Clasificación | Código de barras | Fecha visto por última vez | Tipo de ítem Koha | Nota pública |
|---|---|---|---|---|---|---|---|---|---|---|---|---|---|---|
| Library of Congress Classification | Disponible (Previa cita) | Fondo Reservado de libros | Bib. Gregorio Torres Quintero | Bib. Gregorio Torres Quintero | Sala de Fondos Reservados Planta alta | 18/11/2022 | LB1025 V5.7 1922 | 42278 | 31/12/2020 | Libro | Ejemplar con sello de la Biblioteca Pública de la SEP y de la Biblioteca del Museo Pedagógico Nacional |
